000 00317nam a22001457a 4500
008 210305b ||||| |||| 00| 0 eng d
020 _a9781119146445
041 _aeng
080 _210th
_a611
082 _a611
100 _a6
101 _aANA
245 _aIntroducion to the Human Body
_cTCC
942 _2udc
_cBK
999 _c55813
_d55813